000 00728nam a2200169 i 4500
001 189621
003 ES-MaACL
005 20230906223521.0
008 190703q1874 fr |||| | fre d
100 1 _aBeguyer de Chancourtois, Alexandre-Emile.
_927043
245 1 0 _aMémoire sur la classification chronogique des formations /
_cpar M. A.-E.-B. de Chancourtois.
260 _aParis :
_bGauthier-Villars, Imp.-Lib.,
_c[1874]
300 _a4 p. ;
_c27 cm.
650 0 4 _aGeocronología.
_913067
650 4 _aEstratigrafía.
_9136064
852 _aES-MaACL
_jL-32451(8)
_z- Enc. cart.
_z. - Legado Federico de Botella y de Hornos
_z- Enc. en un vol. facticio, con tít. en el lomo de: Rapport sur les progrés de la stratigraphie
999 _c189621
_d189621